000 00315nam a22001337a 4500
008 170904b xxu||||| |||| 00| 0 eng d
020 _a9780137085149
041 _aeng
080 _24 ed
_a070
100 _a40
101 _amed
245 _aLEARNING TO THINK THINGS THROUGH
_cNOSICH.G.M
942 _2udc
_cBK
999 _c25997
_d25997